National Child Labor Committee (U.S.) records, (Record no. 39977)

MARC details
000 -LEADER
fixed length control field 03159cpcaa2200445 4500
001 - CONTROL NUMBER
control field mm 78034173
003 - CONTROL NUMBER IDENTIFIER
control field DLC
005 - DATE AND TIME OF LATEST TRANSACTION
control field 20260227111625.0
007 - PHYSICAL DESCRIPTION FIXED FIELD--GENERAL INFORMATION
fixed length control field cr |||||||||||
008 - FIXED-LENGTH DATA ELEMENTS--GENERAL INFORMATION
fixed length control field 780803|||||||||||| eng
010 ## - LIBRARY OF CONGRESS CONTROL NUMBER
LC control number mm 78034173
NUCMC control number ms 59000034
040 ## - CATALOGING SOURCE
Original cataloging agency DLC
Transcribing agency DLC
Modifying agency DLC
Description conventions dacs
072 #7 - SUBJECT CATEGORY CODE
Subject category code R
Source lcmd
110 2# - MAIN ENTRY--CORPORATE NAME
Corporate name or jurisdiction name as entry element National Child Labor Committee (U.S.)
245 00 - TITLE STATEMENT
Title National Child Labor Committee (U.S.) records,
Inclusive dates 1904-1953
Bulk dates (bulk 1904-1934).
300 ## - PHYSICAL DESCRIPTION
Extent 7,000
Type of unit items.
300 ## - PHYSICAL DESCRIPTION
Extent 66
Type of unit containers plus
Extent 1
Type of unit oversize.
300 ## - PHYSICAL DESCRIPTION
Extent 36.4
Type of unit linear feet.
351 ## - ORGANIZATION AND ARRANGEMENT OF MATERIALS
Organization Arranged in 5 series. Series 1: Correspondence, Speeches, and Related Material, 1905-1943; Series 2: Reports of Investigation, 1904-1937; Series 3: Minutes, 1904-1945; Series 4: Proceedings of Annual Meetings and National Conferences of the National Child Labor Committee, 1905-1929; and Series 5: Scrapbooks and Printed Matter, 1907-1953.
506 0# - RESTRICTIONS ON ACCESS NOTE
Terms governing access Open to research.
520 8# - SUMMARY, ETC.
Summary, etc. Correspondence, speeches, official records, reports, pamphlets, newspaper clippings, and scrapbooks containing form letters, press releases, and newspaper clippings concerning the work of the National Child Labor Committee in promoting the rights and education of children and youth in relation to labor. Includes reports on child labor conditions in various industries; minute books and proceedings of annual meetings and national conferences of the National Child Labor Committee and of the National Committee on Federal Aid to Education; correspondence (1905-1912) of Alexander Jeffrey McKelway, secretary for the Southern States of the National Child Labor Committee; and two letters from Franklin D. Roosevelt.
544 ## - LOCATION OF OTHER ARCHIVAL MATERIALS NOTE
Materials specified Photographs
Provenance transferred to
Custodian Library of Congress Prints and Photographs Division.
545 1# - BIOGRAPHICAL OR HISTORICAL DATA
Biographical or historical data Organization founded in 1904 and incorporated by an act of Congress in 1907 with the mission of promoting the rights and education of children and youth in relation to labor.
546 ## - LANGUAGE NOTE
Language note Collection material in English.
555 8# - CUMULATIVE INDEX/FINDING AIDS NOTE
Cumulative index/finding aids note Finding aid available in the Library of Congress Manuscript Reading Room and at
Uniform Resource Identifier <a href="http://hdl.loc.gov/loc.mss/eadmss.ms012051">http://hdl.loc.gov/loc.mss/eadmss.ms012051</a>
600 10 - SUBJECT ADDED ENTRY--PERSONAL NAME
Personal name McKelway, Alexander Jeffrey,
Dates associated with a name 1866-1918
Form subdivision Correspondence.
600 10 - SUBJECT ADDED ENTRY--PERSONAL NAME
Personal name Roosevelt, Franklin D.
Fuller form of name (Franklin Delano),
Dates associated with a name 1882-1945
Form subdivision Correspondence.
650 #0 - SUBJECT ADDED ENTRY--TOPICAL TERM
Topical term or geographic name entry element Child labor
Geographic subdivision Southern States.
650 #0 - SUBJECT ADDED ENTRY--TOPICAL TERM
Topical term or geographic name entry element Child labor
Geographic subdivision United States.
650 #0 - SUBJECT ADDED ENTRY--TOPICAL TERM
Topical term or geographic name entry element Education
Geographic subdivision United States
General subdivision Finance.
650 #0 - SUBJECT ADDED ENTRY--TOPICAL TERM
Topical term or geographic name entry element Federal aid to education
Geographic subdivision United States.
651 #0 - SUBJECT ADDED ENTRY--GEOGRAPHIC NAME
Geographic name United States
General subdivision Social conditions
Chronological subdivision 20th century.
710 2# - ADDED ENTRY--CORPORATE NAME
Corporate name or jurisdiction name as entry element National Committee on Federal Aid to Education.
Title of a work National Committee on Federal Aid to Education records.
856 4# - ELECTRONIC LOCATION AND ACCESS
Materials specified Finding aid
Uniform Resource Identifier <a href="http://hdl.loc.gov/loc.mss/eadmss.ms012051">http://hdl.loc.gov/loc.mss/eadmss.ms012051</a>
856 4# - ELECTRONIC LOCATION AND ACCESS
Materials specified Finding aid (PDF)
Uniform Resource Identifier <a href="http://hdl.loc.gov/loc.mss/eadmss.ms012051.3">http://hdl.loc.gov/loc.mss/eadmss.ms012051.3</a>

No items available.

Powered by Koha